000 00850nam a2200241 i 4500
003 IT-RoINE
005 20200720052455.0
008 160808s2016 sp a |r 001|||spa|d
020 _a9788416549382
040 _aSpMaBN
_cSpMaBN IT-RoINE
_dIT-RoINE
100 1 _aArribas Magro, María del Carmen
_946217
245 1 3 _aLas Merindades de Burgos, 300 a.C-1560 /
_cMaría del Carmen Arribas Magro.
260 _a[Madrid] :
_bACCI,
_cD. L. 2016.
300 _a619 p. :
_bil. col. ;
_c24 cm.
336 _aTexto (visual)
_2isbdcontent
337 _2rdamedia
_aunmediated
338 _2rdacarrier
_avolume
490 1 _aHistoria de las Merindades de Burgos
504 _aIncluye referencias bibliográficas.
651 4 _946218
_aLas Merindades (España)
_xHistoria
830 0 _aHistoria de las Merindades de Burgos (ACCI)
_946219
942 _cMTS
999 _c23378
_d23378